|
|
|
|
| LEADER |
00641nta a2200181 i 4500 |
| 001 |
dipl85609 |
| 005 |
20200507064439.0 |
| 008 |
200507s1936 hu om 0|| zxx d |
| 040 |
|
|
|a SZTE Diploma Repozitórium
|b hun
|
| 041 |
|
|
|a zxx
|
| 100 |
1 |
|
|a Bodolay Gyula
|
| 245 |
1 |
0 |
|a Cicero Görögországi kapcsolatai
|h [elektronikus dokumentum] /
|c Gyula Bodolay
|
| 260 |
|
|
|c 1936
|
| 650 |
|
4 |
|a Bölcsészettudományok
|
| 650 |
|
4 |
|a Ancient history
|
| 650 |
|
4 |
|a Classics, ancient Greek and Latin literature and art
|
| 700 |
1 |
|
|a Förster Aurél
|e ths
|
| 856 |
4 |
0 |
|u http://diploma.bibl.u-szeged.hu/id/eprint/85609/1/diploma_1936_bodolay_gyula.pdf
|z Dokumentum-elérés
|